| 000 | 00691cab a2200229 4500 | ||
|---|---|---|---|
| 001 | ABS53403 | ||
| 008 | 090401t1995 xxu||||| |||| 00| 0 eng d | ||
| 035 | _a(Sirsi) u3952 | ||
| 041 | _aeng | ||
| 100 | _aMcNicholas, J. | ||
| 245 | 4 | _aThe restoration of a historic facade | |
| 260 | _c1995 | ||
| 350 | _a0 | ||
| 490 |
_aConstruction Repair _v9(4) July/August 1995, 53-54(2) |
||
| 520 | _aDescribes the refurbishment of the emblems and heraldry on the front of the Council House in Coventry. | ||
| 650 | _aCOVENTRY CC | ||
| 650 | _aHIRST CONSERVATION | ||
| 690 | _aBUILDING AND CONSTRUCTION-REPAIRS AND MAINTENANCE | ||
| 690 | _aCONSERVATION | ||
| 942 | _n0 | ||
| 948 | _c04/03/1997 | ||
| 999 |
_c2376 _d2376 |
||